Jacob Elordi Movies and Shows - Statistics

General Stats
  • This quiz has been taken 25 times
  • The average score is 5 of 9
Answer Stats
Hint Answer % Correct
A girl who falls in love with her best friend's older brother The Kissing Booth
96%
High school students involved with drugs and scandals Euphoria
92%
Girl who married a rock 'n' roll singer Priscilla
83%
A boy goes home with his friend in the holidays to a mansion Saltburn
79%
Girl and boy who struggle to deal with a long-distance relationship The Kissing Booth 2
50%
A girl makes a bucket list for her last summer before college The Kissing Booth 3
50%
Two couples who are connected through fate 2 Hearts
25%
A husband becomes a suspect in the disappearance of his wife's lovers Deep Water
25%
Celebrity animal trainer picks up a hitchhiking serial killer He Went That Way
25%
No matching quizzes found
Score Distribution
Percent of People with Each Score
Percentile by Number Answered
Your Score History
You have not taken this quiz